• 首页
  • 本馆介绍
  • 公告通知
  • 最新文献
  • 馆藏检索
  • 电子资源
  • 读者荐购
  • 参考咨询
  • CALIS
  • 我的图书馆
  • 登录
  • 详细信息显示
  • 放入我的书架
  • 预约/预借图书
  • 作者相关作品
  • 分类相关作品
  • 丛书相关作品
  • 出版社相关作品

书目信息

  • 表格格式
  • 工作单格式
  • 卡片格式
题名:
绿色建材的应用研究
    
 
作者: 吴辽 著
分册:  
出版信息: 北京   中国纺织出版社有限公司  2024.08
页数: 161页
开本: 24cm
丛书名:
单 册:
中图分类: TU5
科图分类:
主题词: 建筑材料--jian zhu cai liao--无污染技术
电子资源:
ISBN: 978-7-5229-1925-6
 
 
 
 
 
000 01027nam0 2200241 450
001 91593
005 20250817094545.17
010    @a978-7-5229-1925-6@dCNY99.90
100    @a20241212d2024 em y0chiy50 ea
101 0  @achi
102    @aCN@b110000
105    @ay a 000yy
106    @ar
200 1  @a绿色建材的应用研究@Alv se jian cai de ying yong yan jiu@f吴辽著
210    @a北京@c中国纺织出版社有限公司@d2024.08
215    @a161页@d24cm
320    @a有书目 (第160-161页)
330    @a本书立足于绿色建材的应用研究, 全书共分为八章, 第一章阐述绿色建材的基本概念, 第二章介绍绿色建材的分类, 第三章和第四章介绍固体废弃物在绿色建材中的应用、第五至八章介绍绿色建材在室内装修、路面、节能建筑和建筑施工中的应用。全书主要对绿色建材应用的相关内容进行详细论述, 注重理论与实践的结合, 旨在推动我国绿色建材的应用与发展, 进而促进我国可持续发展目标的实现。
606 0  @a建筑材料@Ajian zhu cai liao@x无污染技术
690    @aTU5@v5
701  0 @a吴辽@Awu liao@4著
801  0 @aCN@c20250909
905    @a河南城建学院图书馆@dTU5@eW826@f1
    
    绿色建材的应用研究/吴辽著.-北京:中国纺织出版社有限公司,2024.08
    161页;24cm
    
    
    ISBN 978-7-5229-1925-6:CNY99.90
    本书立足于绿色建材的应用研究, 全书共分为八章, 第一章阐述绿色建材的基本概念, 第二章介绍绿色建材的分类, 第三章和第四章介绍固体废弃物在绿色建材中的应用、第五至八章介绍绿色建材在室内装修、路面、节能建筑和建筑施工中的应用。全书主要对绿色建材应用的相关内容进行详细论述, 注重理论与实践的结合, 旨在推动我国绿色建材的应用与发展, 进而促进我国可持续发展目标的实现。
●
相关链接 在E读中查询图书 在当当中查询图书 在豆瓣中查询图书


正题名:绿色建材的应用研究     索取号:TU5/W826         预约/预借

序号 登录号 条形码 馆藏地/架位号 状态 备注
1 1625557   216255576   建筑库201/201建筑库 2排4列3层/ [索取号:TU5/W826] 在馆    
河南城建学院图书馆 欢迎您!
大连网信软件有限公司© 版权所有